000 00506nam a2200193 a 4500
001 BRCA_6166
005 20190320205345.0
008 070711s1922----gw-#######---#000-0#ger-#
041 _ager
044 _agw
050 4 _aPT2603
_b.L75 T6
_c1922
245 1 0 _aTotentanz
_cRoman von Hans Friedrich Blunck.
260 _aBraunschweig, Alemania
_bGeorg Westermann, Braunschweig
_c1922
300 _a345 p.
_c19 cm.
500 _aK49
650 1 4 _aLiteratura Alemana
_96160
902 _aGFM
942 _2lcc
_cB
999 _c5853
_d5853